|
|
|
|
| LEADER |
00000cam a2200000 a 4500 |
| 001 |
vtls009734109 |
| 003 |
SK-MaSNL |
| 005 |
20260331205037.0 |
| 008 |
251120s2004 xo a rj f000 0 slo |
| 013 |
|
|
|a 284196
|b dk
|c patent
|d 20041005
|e dátum nadobudnutia účinkov patentu (Vestník ÚPV SR č.: 10/2004)
|d 20040922
|e dátum sprístupnenia patentu
|
| 013 |
|
|
|a 656-94
|e číslo prihlášky
|d 19921202
|e dátum podania prihlášky
|d 19941109
|e dátum zverejnenia prihlášky (Vestník ÚPV SR č.: 11/1994)
|
| 013 |
|
|
|a 1972/91
|e číslo prioritnej prihlášky
|d 19911206
|e dátum podania prioritnej prihlášky
|b DK
|e kód krajiny prioritnej prihlášky
|
| 015 |
|
|
|a SNBN2014
|
| 035 |
|
|
|a (SVKBBclas03)vtls000218177
|
| 040 |
|
|
|a SNK
|b slo
|c SNK
|e AACR2
|
| 041 |
0 |
|
|a slo
|
| 044 |
|
|
|a xo
|c SK
|
| 072 |
|
7 |
|a 692
|x Konštrukčné prvky a časti stavieb
|2 konspekt
|
| 080 |
|
|
|a 692.82
|2 2001
|
| 084 |
|
|
|a E06B 3/38
|2 IPC
|
| 084 |
|
|
|a E05C 17/04
|2 IPC
|
| 100 |
1 |
|
|a Lindgren, Claes
|4 org
|9 648951
|
| 245 |
1 |
0 |
|a Okno s rámom z extrudovaných profilových prvkov
|c Ckaes Lindgren, Flemming Oluf Petersen, Stig Flemming Vigenberg ; patent. zást. Marta Majlingová
|
| 260 |
|
|
|a [Banská Bystrica]
|b Úrad priemyselného vlastníctva SR
|c [2004]
|
| 300 |
|
|
|a 10 s.
|b obr.
|c 30 cm
|
| 650 |
0 |
7 |
|a okná
|2 SNKPH
|9 21896
|
| 650 |
0 |
7 |
|a Microsoft Windows
|2 SNKPHeng
|9 3939
|
| 655 |
|
7 |
|a patenty
|2 SNKPH
|9 177343
|
| 655 |
|
7 |
|a patent licenses
|2 SNKPHeng
|9 303430
|
| 700 |
1 |
|
|a Petersen, Flemming Oluf
|4 org
|9 648952
|
| 700 |
1 |
|
|a Vigenberg, Stig Flemming
|4 org
|9 648953
|
| 700 |
1 |
|
|a Majlingová, Marta
|4 oth
|9 305101
|
| 710 |
2 |
|
|a VKR Holding A/S (Søborg, Dánsko)
|4 pth
|9 305705
|
| 999 |
|
|
|c 1002668
|d 1004598
|
| 952 |
|
|
|a SNK
|b SNK
|y PREZ
|7 0
|p 17A0467463
|o snkSK 284196
|i snk2005/8933
|8 0
|0 0
|1 0
|4 0
|d 2005-05-27
|l 0
|r 2026-02-24 12:25:34
|w 2026-02-24
|